000 01381nam a2200349Ia 4500
001 Z_6736
003 CHAP
005 20230829151124.0
008 220113s2014 xx 000 0 und d
010 _a170011
040 _cCHAP
090 _aTesis Q57 2416
100 _aQuiroz Pérez, Juan Carlos
_9128365
245 _aComportamiento productivo de la asociación de pasto ovillo (Dactylis glomerata L.), ballico perenne (Lolium perenne L.) y trébol blanco (Trifolium repens L.) /
_cJuan Carlos Quiroz Pérez
260 _aMéxico :
_bEl autor,
_c2014
300 _a48 p
502 _aTesis (Ingeniero Agrónomo Especialista en Zootecnia) -- UACh, 2014 \ Dirección: Sergio Iban Mendoza Pedroza; asesoría: Adelaido Rafael Rojas García y Alfonso Hernández Garay
650 _aComposición botánica y morfológica
_9145501
650 _aDactylis glomerata L.
_9145787
650 _aLolium perenne L.
_9145788
650 _aRendimiento de forraje
_9145503
650 _aTrifolium repens L.
_9145789
700 _a Hernández Garay, Alfonso, asesor
_9144186
700 _a Rojas García, Adelaido Rafael, asesor
_9145790
700 _aMendoza Pedroza, Sergio Iban, director
_9145221
856 4 2 _uhttp://10.13.5.2/tesis/sist110560.pdf
_yDescargaR PDF
901 _aTESIS Q57 2416
902 _aA
910 _a2014
942 _c2
_2ddc
942 _c2
_2ddc
999 _c170011
_d170011